[Event "Festival A"]
[Site "Giardini-Naxos ITA"]
[Date "2001.07.07"]
[Round "8"]
[White "Licciardello, Salvatore"]
[Black "Sarno, Spartaco"]
[Result "0-1"]
[WhiteElo "2020"]
[BlackElo "2400"]
[PlyCount "74"]
[EventDate "2001.07.02"]

1. b4 e5 2. b5 d6 3. Bb2 Nf6 4. e3 Be7 5. d4 exd4 6. Bxd4 O-O 7. Nf3 Bg4 8. Be2
Nbd7 9. h3 Bh5 10. O-O Nc5 11. c4 Ne6 12. Bb2 Nd7 13. Nd4 Bxe2 14. Qxe2 Bf6 15.
Nd2 Re8 16. Nxe6 Rxe6 17. Bxf6 Qxf6 18. Qf3 Qxf3 19. Nxf3 a6 20. Nd4 Re5 21.
Rfc1 g6 22. Rc2 axb5 23. cxb5 Rc5 24. Kf1 Rxc2 25. Nxc2 Nc5 26. Ke2 Ne4 27. Kf3
Nc3 28. Nd4 Rxa2 29. Rc1 Nd5 30. e4 Ra3+ 31. Ke2 Nf4+ 32. Kf1 Ra4 33. Nf3 Ne6
34. e5 dxe5 35. Nxe5 Rb4 36. Nd7 Rxb5 37. Nf6+ Kf8 0-1

[Event "Festival A"]
[Site "Giardini-Naxos ITA"]
[Date "2001.07.07"]
[Round "8"]
[White "Ortega, Lexy"]
[Black "Gangemi, Salvatore"]
[Result "1-0"]
[WhiteElo "2498"]
[BlackElo "1975"]
[PlyCount "29"]
[EventDate "2001.07.02"]

1. d4 e6 2. Nf3 d5 3. c4 c5 4. e3 cxd4 5. exd4 Nf6 6. Nc3 dxc4 7. Bxc4 Be7 8.
O-O O-O 9. Qe2 Re8 10. Rd1 Nd5 11. Ne5 Bf8 12. Qf3 f6 13. Nxd5 fxe5 14. dxe5
Kh8 15. Nf6 1-0

[Event "Festival A"]
[Site "Giardini-Naxos ITA"]
[Date "2001.07.07"]
[Round "8"]
[White "Petrov, Marijan"]
[Black "Nikolic, Stanimir"]
[Result "1/2-1/2"]
[WhiteElo "2463"]
[BlackElo "2372"]
[PlyCount "99"]
[EventDate "2001.07.02"]

1. e4 d6 2. d4 Nf6 3. Nc3 g6 4. f4 Bg7 5. Nf3 c6 6. Bd3 O-O 7. O-O Bg4 8. Be3
Qb6 9. Na4 Qa5 10. c4 Bxf3 11. gxf3 Nh5 12. b4 Qc7 13. Qd2 Nd7 14. Rac1 Bh6 15.
f5 Bxe3+ 16. Qxe3 e5 17. fxe6 fxe6 18. c5 d5 19. Nc3 Nf4 20. e5 Qd8 21. Kh1 Qh4
22. Rg1 Nh3 23. Rg3 Qf4 24. Qxf4 Nxf4 25. Bf1 Nh5 26. Rh3 Rf7 27. Kg1 b5 28. a4
a6 29. Ra1 Raf8 30. axb5 axb5 31. Kf2 Rc8 32. Ke3 Rcf8 33. Be2 Rf4 34. Nd1 R4f5
35. Bd3 Rg5 36. Rh4 Rg2 37. Bf1 Rg5 38. Bh3 Ng7 39. Rf4 Rd8 40. Nf2 Nf5+ 41.
Bxf5 gxf5 42. Rh4 Rg2 43. Ra6 Rc8 44. Nd3 Nf8 45. Ra7 Rg7 46. Ra6 Ng6 47. Rh6
Re7 48. Rh5 Kg7 49. Nf4 Rec7 50. Rg5 1/2-1/2

[Event "Festival A"]
[Site "Giardini-Naxos ITA"]
[Date "2001.07.08"]
[Round "9"]
[White "Chatalbashev, Boris"]
[Black "Bonaccorsi, Fabrizio"]
[Result "1-0"]
[WhiteElo "2496"]
[BlackElo "2149"]
[PlyCount "73"]
[EventDate "2001.07.02"]

1. d4 Nf6 2. c4 g6 3. Nc3 Bg7 4. e4 O-O 5. Bd3 d6 6. Nge2 Nc6 7. O-O e5 8. d5
Nd4 9. Bg5 h6 10. Bxf6 Nxe2+ 11. Bxe2 Qxf6 12. Bg4 Qg5 13. Bxc8 Raxc8 14. b4 f5
15. c5 f4 16. f3 Qe7 17. c6 b6 18. Qd3 g5 19. g4 fxg3 20. hxg3 h5 21. Qe2 g4
22. fxg4 Qg5 23. Rf5 Rxf5 24. exf5 hxg4 25. Rf1 Kf7 26. Ne4 Qh5 27. Rf2 Rh8 28.
Rh2 Qxh2+ 29. Qxh2 Rxh2 30. Kxh2 Bh6 31. Nxd6+ Ke7 32. Ne4 a6 33. Kg2 Kd8 34.
Kf2 Bc1 35. f6 Ba3 36. f7 Bxb4 37. d6 1-0

[Event "Festival A"]
[Site "Giardini-Naxos ITA"]
[Date "2001.07.08"]
[Round "9"]
[White "Licciardello, Salvatore"]
[Black "Djuric, Stefan"]
[Result "0-1"]
[WhiteElo "2020"]
[BlackElo "2491"]
[PlyCount "58"]
[EventDate "2001.07.02"]

1. e4 d5 2. exd5 Nf6 3. c4 c6 4. Nc3 cxd5 5. d4 g6 6. Nf3 Bg7 7. Bf4 O-O 8. Be2
dxc4 9. Bxc4 Bg4 10. d5 Nbd7 11. O-O Nh5 12. Be3 Qc7 13. Bb3 Ne5 14. Rc1 Qd8
15. Nb5 Nxf3+ 16. gxf3 Bh3 17. Re1 Bxb2 18. Rc2 Bg7 19. Nxa7 Qa5 20. Qe2 e5 21.
Nb5 Nf4 22. Bxf4 exf4 23. Kh1 Bd7 24. Nc7 Rac8 25. d6 Bc6 26. Rxc6 bxc6 27. Qe7
Qc3 28. Bxf7+ Rxf7 29. Qe6 Rd8 0-1

[Event "Festival A"]
[Site "Giardini-Naxos ITA"]
[Date "2001.07.08"]
[Round "9"]
[White "Ortega, Lexy"]
[Black "Caracci, Giuseppe"]
[Result "1-0"]
[WhiteElo "2498"]
[BlackElo "2053"]
[PlyCount "49"]
[EventDate "2001.07.02"]

1. d4 Nf6 2. Nf3 e6 3. Bf4 d5 4. e3 c5 5. c3 Nc6 6. Nbd2 Be7 7. Bd3 O-O 8. Ne5
Qe8 9. Qf3 Nxe5 10. dxe5 Nd7 11. Qh3 f5 12. g4 g6 13. gxf5 gxf5 14. Nf3 Kh8 15.
Rg1 Rg8 16. O-O-O a6 17. Rxg8+ Qxg8 18. Rg1 Qf7 19. Bh6 Nf8 20. Ng5 Bxg5 21.
Bxg5 Nd7 22. Qh6 b5 23. Bxf5 exf5 24. e6 Qf8 25. Qxf8+ 1-0

[Event "Festival A"]
[Site "Giardini-Naxos ITA"]
[Date "2001.07.08"]
[Round "9"]
[White "Petrov, Marijan"]
[Black "Isonzo, David"]
[Result "1-0"]
[WhiteElo "2463"]
[BlackElo "2315"]
[PlyCount "47"]
[EventDate "2001.07.02"]

1. e4 e6 2. d4 d5 3. e5 c5 4. c3 Nc6 5. Nf3 Qb6 6. a3 Nge7 7. b4 cxd4 8. cxd4
Nf5 9. Be3 f6 10. exf6 gxf6 11. Bd3 Nxe3 12. fxe3 Bh6 13. b5 Na5 14. Ne5 O-O
15. Qh5 fxe5 16. Qxh6 Qc7 17. Nd2 e4 18. Rf1 Bd7 19. Be2 Nb3 20. Qg5+ Kh8 21.
Rxf8+ Rxf8 22. Qe7 Rf5 23. g4 Rg5 24. Nxb3 1-0

[Event "Festival A"]
[Site "Giardini-Naxos ITA"]
[Date "2001.07.08"]
[Round "9"]
[White "Sarno, Spartaco"]
[Black "Nikolic, Stanimir"]
[Result "1-0"]
[WhiteElo "2400"]
[BlackElo "2372"]
[PlyCount "75"]
[EventDate "2001.07.02"]

1. c4 c5 2. Nc3 Nc6 3. g3 d6 4. Bg2 Bd7 5. e3 g6 6. Nge2 Qc8 7. h3 Bg7 8. b3
Nh6 9. Bb2 Nf5 10. d3 Rb8 11. Qd2 O-O 12. O-O Bh6 13. Nd5 Qd8 14. f4 f6 15. g4
Ng7 16. Ng3 Ne8 17. Ne4 f5 18. g5 Bg7 19. Bxg7 Kxg7 20. Ng3 e6 21. Nc3 a6 22.
d4 cxd4 23. exd4 Qb6 24. Rad1 e5 25. c5 Qa7 26. dxe5 Qxc5+ 27. Kh2 Rd8 28. Na4
Qa5 29. exd6 h6 30. Bxc6 Qxd2+ 31. Rxd2 Bxc6 32. Nc5 Kf7 33. d7 Nc7 34. gxh6
Kf6 35. Rd6+ Kf7 36. Nd3 Bxd7 37. Ne5+ Ke7 38. Rfd1 1-0

[Event "III Festival Riviera delle Palme A"]
[Site "San Benedetto del Tronto ITA"]
[Date "2001.07.??"]
[Round "2"]
[White "Calandri, Fausto"]
[Black "Lotti, Fabio"]
[Result "1-0"]
[WhiteElo "2101"]
[BlackElo "2075"]
[PlyCount "63"]
[EventDate "2001.07.02"]

1. e4 e6 2. d4 d5 3. Nd2 c5 4. exd5 Qxd5 5. Ngf3 cxd4 6. Bc4 Qd6 7. O-O Nc6 8.
Nb3 Nf6 9. Nbxd4 Nxd4 10. Nxd4 a6 11. Re1 Qc7 12. Bb3 Bd6 13. Nf5 Bxh2+ 14. Kh1
O-O 15. Nxg7 Kxg7 16. Qd4 Bd6 17. Bh6+ Kg6 18. c3 Nh5 19. Bxf8 Bxf8 20. g4 Nf4
21. Bc2+ f5 22. gxf5+ exf5 23. f3 Bc5 24. Qh8 Bd7 25. Qxa8 Bc8 26. Rg1+ Kh6 27.
Rg8 Qe7 28. Rg2 Nxg2 29. Qxc8 Qh4+ 30. Kxg2 Qf2+ 31. Kh1 Qxf3+ 32. Kh2 1-0

[Event "III Festival Riviera delle Palme A"]
[Site "San Benedetto del Tronto ITA"]
[Date "2001.07.??"]
[Round "3"]
[White "Fornaciari, Marco"]
[Black "Lotti, Fabio"]
[Result "0-1"]
[WhiteElo "1979"]
[BlackElo "2075"]
[PlyCount "44"]
[EventDate "2001.07.02"]

1. d4 e6 2. g3 Be7 3. c4 d5 4. Nf3 Nf6 5. Bg2 O-O 6. Qc2 dxc4 7. O-O Bd7 8. Ne5
Bc6 9. Nxc6 Nxc6 10. Bxc6 bxc6 11. Rd1 Qd5 12. Nc3 Qh5 13. Kg2 Nd5 14. a3 f5
15. Na4 f4 16. Nc5 fxg3 17. hxg3 Rxf2+ 18. Kxf2 Qh2+ 19. Kf3 Rf8+ 20. Bf4 Rxf4+
21. gxf4 Qxf4+ 22. Kg2 Ne3+ 0-1

[Event "C.to Italiano U14"]
[Site "Villeneuve ITA"]
[Date "2001.07.03"]
[Round "2"]
[White "Nardi, Marco"]
[Black "Lo Curto, Emanuele"]
[Result "0-1"]
[WhiteElo "1600"]
[BlackElo "2091"]
[PlyCount "84"]
[EventDate "2001.07.02"]

1. e4 c5 2. Nc3 Nc6 3. g3 g6 4. Bg2 Bg7 5. d3 e6 6. Be3 d6 7. Qd2 Nd4 8. Nd1
Ne7 9. c3 Ndc6 10. Bh6 O-O 11. Bxg7 Kxg7 12. Ne2 b6 13. O-O Bb7 14. Ne3 Qd7 15.
f4 f5 16. d4 fxe4 17. Bxe4 Nxd4 18. cxd4 Bxe4 19. dxc5 bxc5 20. Rad1 Nd5 21.
Nxd5 Bxd5 22. Nc3 Bc4 23. Rfe1 d5 24. Qe3 Qc6 25. Qxe6 Qxe6 26. Rxe6 d4 27. Re4
Rfe8 28. Rde1 Rxe4 29. Nxe4 Re8 30. Kf2 Bxa2 31. Nxc5 Rb8 32. Re7+ Kf6 33. Nd7+
Kxe7 34. Nxb8 Kd6 35. Na6 Bc4 36. Nb4 Kc5 37. Nc2 d3 38. Ne3 d2 39. Nd1 Kd4 40.
b3 Bxb3 41. Ke2 Bxd1+ 42. Kxd1 Kd3 0-1

[Event "C.to Italiano U14"]
[Site "Villeneuve ITA"]
[Date "2001.07.04"]
[Round "4"]
[White "Scollo, Vincenzo"]
[Black "Frilli, Guido"]
[Result "0-1"]
[WhiteElo "1609"]
[BlackElo "1708"]
[PlyCount "82"]
[EventDate "2001.07.02"]

1. d4 d5 2. c4 e6 3. Nc3 Nf6 4. Bg5 Be7 5. Nf3 Nbd7 6. e3 O-O 7. Bd3 dxc4 8.
Bxc4 a6 9. O-O b5 10. Bd3 Bb7 11. Rc1 c5 12. Bb1 Rc8 13. Re1 cxd4 14. Nxd4 Nc5
15. Bxf6 Bxf6 16. Qg4 Qe7 17. Nce2 Rfd8 18. Ng3 g6 19. Rcd1 Bg7 20. b3 Rd7 21.
f4 e5 22. fxe5 Qxe5 23. b4 Ne6 24. Nxe6 Rxd1 25. Qxd1 Qxe6 26. Qe2 Bc3 27. Rc1
Bxb4 28. Rxc8+ Bxc8 29. Ne4 Bb7 30. Nd2 Bc5 31. Nf1 Bd5 32. Kh1 Bc4 33. Bd3
Bxa2 34. Qf3 Bf8 35. Nd2 Qd5 36. Qe2 Qe5 37. g3 Bh6 38. e4 Bxd2 39. Qxd2 Bc4
40. Bc2 Kg7 41. Qc1 Qc3 0-1

[Event "C.to Italiano U14"]
[Site "Villeneuve ITA"]
[Date "2001.07.06"]
[Round "7"]
[White "Scollo, Vincenzo"]
[Black "Battaglia, Edoardo"]
[Result "1/2-1/2"]
[WhiteElo "1609"]
[BlackElo "1458"]
[PlyCount "113"]
[EventDate "2001.07.02"]

1. d4 d5 2. c4 c6 3. Nc3 Nf6 4. Bf4 Bf5 5. Nf3 e6 6. Rc1 Be7 7. c5 Nbd7 8. e3
O-O 9. Bd3 Bxd3 10. Qxd3 Nh5 11. Bg3 Nxg3 12. hxg3 h6 13. Ke2 Re8 14. Rh3 Bf8
15. Rch1 g6 16. Ne5 Nxe5 17. dxe5 Bg7 18. Qd4 Kf8 19. b4 Ke7 20. f4 b6 21. b5
Rc8 22. Qb4 Kd7 23. cxb6 Bf8 24. Qa4 Qxb6 25. Rb1 c5 26. Rhh1 c4 27. Rhd1 Be7
28. Qc2 Red8 29. Na4 Qa5 30. b6 Ke8 31. bxa7 Qxa7 32. Nc3 Rb8 33. Nb5 Qc5 34.
Qa4 Kf8 35. Nd4 Rxb1 36. Rxb1 Qa3 37. Qc2 Ra8 38. Rb2 Bb4 39. Nf3 Qa4 40. Qxa4
Rxa4 41. Rc2 Ra5 42. Nd4 Ra3 43. Nb5 Ra5 44. Nd4 Bc5 45. g4 Ra3 46. Kf2 Rd3 47.
a4 Ra3 48. a5 Rxa5 49. Ne2 Ra3 50. Nc3 d4 51. Nb5 dxe3+ 52. Ke2 Rb3 53. Nc3 Bd4
54. Nd1 Rb4 55. Nxe3 Rb2 56. Rxb2 Bxb2 57. Nxc4 1/2-1/2

[Event "II Festival A"]
[Site "San Martino di Castrozza - Siror ITA"]
[Date "2001.07.01"]
[Round "1"]
[White "Agnelli, Francesco"]
[Black "Bondielli, Giorgio"]
[Result "1-0"]
[WhiteElo "2132"]
[BlackElo "2012"]
[PlyCount "145"]
[EventDate "2001.07.01"]

1.e4 e5 2.Nf3 Nf6 3.Nxe5 d6 4.Nf3 Nxe4 5.d4 d5 6.Bd3 Bd6 7.O-O O-O 8.c4 c6
9.Nc3 Nxc3 10.bxc3 Bg4 11.h3 Bh5 12.Re1 dxc4 13.Bxc4 Nd7 14.g4 Bg6 15.Bg5 
Qc7 16.Nh4 Nb6 17.Nxg6 hxg6 18.Bb3 Rfe8 19.Qf3 Qd7 20.h4 Rxe1+ 21.Rxe1 Re8
22.Rxe8+ Qxe8 23.h5 gxh5 24.gxh5 Nd5 25.h6 gxh6 26.Bxh6 Qe6 27.Bd2 Qg6+ 
28.Kf1 Nf6 29.Qh3 Ng4 30.Ke2 c5 31.Qg2 cxd4 32.cxd4 Ne5 33.Qxg6+ Nxg6 34.
Kf3 Kg7 35.Kg4 Ne7 36.f4 Nc6 37.Bc3 Ne7 38.f5 Kf6 39.Bd2 Nc6 40.Bg5+ Kg7 
41.f6+ Kf8 42.Be3 a6 43.Kf5 Ke8 44.Ba4 b5 45.Bb3 Na5 46.Bd5 Nc4 47.Bf2 Na3
48.Ke4 Nc2 49.Bc6+ Kd8 50.Bd5 Ke8 51.Bb3 Nb4 52.Be1 a5 53.a4 bxa4 54.Bxa4+
Kd8 55.Kf5 Bc7 56.Kg5 Nd5 57.Bb3 Bf4+ 58.Kf5 Ne3+ 59.Ke4 Ke8 60.Bd2 Bg5 
61.Bxe3 Bxf6 62.d5 Kd7 63.Bc5 Bc3 64.Ba4+ Kd8 65.Bd4 Bb4 66.Kf5 Ke7 67.Bc6
Kd6 68.Kf6 a4 69.Kxf7 a3 70.Kf6 Kc7 71.Ke6 Bd6 72.Ba4 Bb4 73.Bb3 1-0

[Event "II Festival A"]
[Site "San Martino di Castrozza - Siror ITA"]
[Date "2001.07.01"]
[Round "1"]
[White "Andreoli, Mark"]
[Black "Belotti, Bruno"]
[Result "1/2-1/2"]
[WhiteElo "2082"]
[BlackElo "2405"]
[PlyCount "114"]
[EventDate "2001.07.01"]

1.e4 c5 2.d4 cxd4 3.c3 Nf6 4.e5 Nd5 5.Qxd4 Nb6 6.Nf3 Nc6 7.Qe4 d5 8.exd6 
Qxd6 9.Bf4 Qd5 10.Nbd2 Bf5 11.Qxd5 Nxd5 12.Bg3 O-O-O 13.Bb5 f6 14.Nd4 Bd7 
15.Nxc6 Bxc6 16.Bxc6 bxc6 17.O-O-O e5 18.a3 Bc5 19.Ne4 Be7 20.Nd2 Rd7 21.
Nb3 Rhd8 22.Na5 Kc7 23.c4 Nb6 24.Rxd7+ Rxd7 25.Rd1 Bc5 26.Rxd7+ Kxd7 27.
Kc2 Bd4 28.b4 f5 29.f3 g5 30.Kd3 Na4 31.Be1 c5 32.bxc5 Nxc5+ 33.Kc2 h5 34.
h3 f4 35.Nb3 Nxb3 36.Kxb3 e4 37.Kc2 g4 38.hxg4 hxg4 39.fxg4 f3 40.gxf3 
exf3 41.g5 f2 42.Bxf2 Bxf2 43.Kb3 Kc6 44.Kb4 Be1+ 45.Kb3 Bh4 46.g6 Bf6 47.
Kb4 a6 48.c5 Kb7 49.Kc4 Bg7 50.Kb4 Bh6 51.Kb3 Bf8 52.Kb4 Bg7 53.Kb3 Kc6 
54.Kb4 Bf6 55.Ka5 Kb7 56.Kb4 Bg7 57.Kc4 Kc6 1/2-1/2

[Event "II Festival A"]
[Site "San Martino di Castrozza - Siror ITA"]
[Date "2001.07.01"]
[Round "1"]
[White "Capata, Ion"]
[Black "Bogdanov, Dimitri"]
[Result "1/2-1/2"]
[WhiteElo "1948"]
[BlackElo "2091"]
[PlyCount "100"]
[EventDate "2001.07.01"]

1.e4 g6 2.d4 Bg7 3.Nc3 d6 4.f4 Nf6 5.Nf3 O-O 6.Be2 Na6 7.O-O c5 8.Bxa6 
cxd4 9.Nxd4 bxa6 10.Rb1 Bb7 11.Qd3 Qb6 12.Be3 Ng4 13.Nf5 Qc7 14.Nxg7 Nxe3 
15.Qxe3 Kxg7 16.Rf3 Qb6 17.Rbf1 Rac8 18.f5 f6 19.Kh1 Qxe3 20.Rxe3 Kf7 21.
Kg1 g5 22.Rd1 h5 23.Rd4 Rc7 24.Kf2 Rfc8 25.Rh3 h4 26.Ke2 a5 27.Re3 Ba6+ 
28.Kd1 Rb8 29.b3 Rbc8 30.Kd2 Bf1 31.g3 hxg3 32.hxg3 Rh8 33.Rd5 Rh2+ 34.Kc1
a4 35.bxa4 Bc4 36.Rd1 Bxa2 37.Rd2 Rxd2 38.Kxd2 Bc4 39.Nd1 d5 40.Nb2 d4 41.
Re1 e5 42.Nxc4 Rxc4 43.Ra1 Ke7 44.a5 Rc5 45.Rb1 Rxa5 46.Rb7+ Kd8 47.g4 Ra6
48.Kd3 Kc8 49.Rf7 Rc6 50.Rxa7 Rc3+ 1/2-1/2

[Event "II Festival A"]
[Site "San Martino di Castrozza - Siror ITA"]
[Date "2001.07.01"]
[Round "1"]
[White "Prang, Edgar"]
[Black "Molzahn, Norbert"]
[Result "1/2-1/2"]
[WhiteElo "2256"]
[BlackElo "2052"]
[PlyCount "70"]
[EventDate "2001.07.01"]

1.Nf3 c5 2.g3 Nc6 3.Bg2 g6 4.O-O Bg7 5.c4 Nf6 6.d4 cxd4 7.Nxd4 Nxd4 8.Qxd4
O-O 9.Nc3 d6 10.Qd3 a6 11.Bd2 Rb8 12.Rac1 Bd7 13.Rfd1 Ng4 14.Qb1 Bc6 15.
Nd5 Bxd5 16.Bxd5 Qb6 17.e3 Qxb2 18.Qxb2 Bxb2 19.Rb1 Bg7 20.Rb4 Ne5 21.Rdb1
Rfc8 22.f4 Nd3 23.Rxb7 Rxb7 24.Bxb7 Rb8 25.Kf1 d5 26.cxd5 Nc5 27.Rc1 Nxb7 
28.Rb1 Kf8 29.Ba5 Ke8 30.Bc7 Rd8 31.Rxb7 Rxd5 32.a4 Rd1+ 33.Kg2 Ra1 34.a5 
Bc3 35.Ra7 Bxa5 1/2-1/2

[Event "II Festival A"]
[Site "San Martino di Castrozza - Siror ITA"]
[Date "2001.07.01"]
[Round "1"]
[White "Ruzzier, Dario"]
[Black "Mayer, Frank"]
[Result "0-1"]
[WhiteElo "2075"]
[BlackElo "2305"]
[PlyCount "58"]
[EventDate "2001.07.01"]

1.d4 e6 2.c4 b6 3.Nc3 Bb7 4.e3 f5 5.Nf3 Nf6 6.Bd3 Bb4 7.O-O Bxc3 8.bxc3 
O-O 9.Nd2 d6 10.f3 Nbd7 11.Qe2 Nh5 12.f4 g6 13.e4 Ndf6 14.d5 fxe4 15.Nxe4 
exd5 16.Nxf6+ Qxf6 17.f5 Rae8 18.fxg6 Rxe2 19.gxh7+ Kg7 20.Rxf6 Rxg2+ 21.
Kxg2 dxc4+ 22.Kh3 Rxf6 23.Bxc4 Rf3+ 24.Kh4 Nf6 25.Bg5 Ne4 26.Bd8 Bc8 27.
Rg1+ Kxh7 28.Bf1 Rf4+ 29.Kh5 Be6 0-1

[Event "II Festival A"]
[Site "San Martino di Castrozza - Siror ITA"]
[Date "2001.07.01"]
[Round "1"]
[White "Sedina, Elena"]
[Black "Dallaglio, Giovanni"]
[Result "1-0"]
[WhiteElo "2380"]
[BlackElo "2059"]
[PlyCount "41"]
[EventDate "2001.07.01"]

1.e4 c6 2.d4 d5 3.Nd2 dxe4 4.Nxe4 Nd7 5.Nf3 Ngf6 6.Nxf6+ Nxf6 7.Ne5 Nd7 8.
Bf4 g6 9.Bc4 e6 10.Qf3 Qe7 11.Nxd7 Bxd7 12.Be5 Rg8 13.O-O-O Bg7 14.Qg3 
Bxe5 15.dxe5 O-O-O 16.Rd6 c5 17.Rhd1 Kc7 18.Qa3 Qg5+ 19.Kb1 Qxe5 20.Qa5+ 
Kc8 21.Qd2 1-0

[Event "II Festival A"]
[Site "San Martino di Castrozza - Siror ITA"]
[Date "2001.07.01"]
[Round "1"]
[White "Solinas, Carlo"]
[Black "Rossi, Giampiero"]
[Result "1/2-1/2"]
[WhiteElo "2031"]
[BlackElo "2119"]
[PlyCount "79"]
[EventDate "2001.07.01"]

1.e4 c5 2.d4 cxd4 3.c3 dxc3 4.Nxc3 Nc6 5.Nf3 g6 6.Bc4 Bg7 7.e5 Nh6 8.O-O 
O-O 9.Bf4 Na5 10.Be2 Kh8 11.Qd2 Ng8 12.Rfd1 a6 13.Nd5 e6 14.Bg5 f6 15.exf6
Nxf6 16.Nxf6 Bxf6 17.Bxf6+ Rxf6 18.Qc3 Nc6 19.Ng5 Kg8 20.Ne4 Rf8 21.Rd6 
Qe7 22.Rad1 Qg7 23.Qd2 Nd8 24.Rd4 d5 25.Nc3 Nc6 26.Rf4 Bd7 27.Nxd5 e5 28.
Rxf8+ Rxf8 29.Qe3 Nd4 30.Bc4 Kh8 31.f4 Nc6 32.Be2 Be6 33.fxe5 Qxe5 34.
Qxe5+ Nxe5 35.Nc3 Kg7 36.Rd6 Re8 37.h3 Re7 38.Kf2 Bc4 39.Rd4 Bxe2 40.Nxe2 
1/2-1/2

[Event "II Festival A"]
[Site "San Martino di Castrozza - Siror ITA"]
[Date "2001.07.02"]
[Round "2"]
[White "Belotti, Bruno"]
[Black "Solinas, Carlo"]
[Result "1-0"]
[WhiteElo "2405"]
[BlackElo "2031"]
[PlyCount "69"]
[EventDate "2001.07.01"]

1.c4 Nf6 2.Nc3 d6 3.d4 g6 4.e4 Bg7 5.Be2 O-O 6.Nf3 e5 7.Be3 exd4 8.Nxd4 
Re8 9.f3 c6 10.Qd2 d5 11.exd5 cxd5 12.O-O Nc6 13.c5 Rxe3 14.Qxe3 Ng4 15.
Nxc6 Nxe3 16.Nxd8 Bf6 17.Nxd5 Nxd5 18.Rfd1 Ne3 19.Rd2 Rb8 20.c6 bxc6 21.
Nxc6 Rb6 22.Rc1 Be6 23.b3 Nd5 24.Nd4 Bd7 25.g3 Nb4 26.a3 Nd5 27.b4 a6 28.
Kf2 Ba4 29.Nf5 gxf5 30.Rxd5 Bb3 31.Rc8+ Kg7 32.Bc4 Bc2 33.Rd7 f4 34.Bxf7 
Kh6 35.Rxc2 1-0

[Event "II Festival A"]
[Site "San Martino di Castrozza - Siror ITA"]
[Date "2001.07.02"]
[Round "2"]
[White "Bogdanov, Dimitri"]
[Black "Popa, Claudiu"]
[Result "0-1"]
[WhiteElo "2091"]
[BlackElo "2057"]
[PlyCount "44"]
[EventDate "2001.07.01"]

1.e4 e5 2.Nf3 Nc6 3.Bb5 a6 4.Ba4 f5 5.d4 exd4 6.Nxd4 Nxd4 7.Qxd4 c5 8.Qe5+
Qe7 9.Qxe7+ Bxe7 10.c4 fxe4 11.Nc3 Nf6 12.O-O b6 13.Re1 Bb7 14.Bc2 O-O 15.
Nxe4 Rae8 16.Nxf6+ Bxf6 17.Be3 d5 18.cxd5 Bxd5 19.Red1 Bc4 20.Bd3 Bxd3 21.
Rxd3 Bxb2 22.Rb1 c4 0-1

[Event "II Festival A"]
[Site "San Martino di Castrozza - Siror ITA"]
[Date "2001.07.02"]
[Round "2"]
[White "Bondielli, Giorgio"]
[Black "Ruzzier, Dario"]
[Result "0-1"]
[WhiteElo "2012"]
[BlackElo "2075"]
[PlyCount "62"]
[EventDate "2001.07.01"]

1.e4 e5 2.Nf3 Nc6 3.d4 exd4 4.Bc4 Bc5 5.c3 d6 6.Nxd4 Ne5 7.Bb3 Qh4 8.O-O 
Nf6 9.Nd2 Bg4 10.f3 h5 11.Qe1 Qxe1 12.Rxe1 Bd7 13.Bc2 O-O-O 14.b4 Bxd4+ 
15.cxd4 Nc6 16.d5 Nxb4 17.Bb1 Rde8 18.Kf2 Bb5 19.Re3 Ba4 20.Ba3 a5 21.Nc4 
b6 22.Bxb4 axb4 23.Bd3 g5 24.Rb1 g4 25.Rxb4 Bd7 26.a4 h4 27.a5 bxa5 28.
Nxa5 h3 29.Nb7 g3+ 30.hxg3 h2 31.Bf1 Nxd5 0-1

[Event "II Festival A"]
[Site "San Martino di Castrozza - Siror ITA"]
[Date "2001.07.02"]
[Round "2"]
[White "Iudicello, Massimo"]
[Black "Sedina, Elena"]
[Result "0-1"]
[WhiteElo "2116"]
[BlackElo "2380"]
[PlyCount "158"]
[EventDate "2001.07.01"]

1.e4 e6 2.d3 c5 3.Nf3 Nc6 4.g3 d6 5.Bg2 Nf6 6.O-O Be7 7.Re1 O-O 8.Nc3 Bd7 
9.e5 dxe5 10.Nxe5 Nxe5 11.Rxe5 Qc7 12.Re1 Bc6 13.Bf4 Qb6 14.Rb1 Rad8 15.
Qe2 Rfe8 16.Ne4 Nd5 17.Bd2 Nb4 18.Bxb4 cxb4 19.Qh5 Bd5 20.Rbc1 Qd4 21.Ng5 
Bxg5 22.Qxg5 Bxg2 23.Kxg2 Qxb2 24.Qa5 Qd4 25.Rb1 a6 26.Qxb4 Qd5+ 27.Kg1 
Qxa2 28.Rb2 a5 29.Qxb7 Qa3 30.Qb5 Ra8 31.Reb1 Qc3 32.Qa4 g6 33.Rb7 Qf6 34.
R7b5 Qc3 35.Rb7 Kf8 36.Rd7 Rac8 37.Ra7 Rc5 38.Qb3 Qxc2 39.Qxc2 Rxc2 40.
Rxa5 Rd8 41.Rd1 Rd4 42.Ra3 g5 43.h3 Kg7 44.Kg2 Kg6 45.Kf3 Rd5 46.Rf1 h5 
47.Ke3 Re5+ 48.Kf3 Rf5+ 49.Ke3 g4 50.hxg4 hxg4 51.Ra4 Rf3+ 52.Ke4 Re2+ 53.
Kd4 Rexf2 54.Rxf2 Rxf2 55.Ke5 Rf5+ 56.Kd6 Kf6 57.Rxg4 Rd5+ 58.Kc6 Rxd3 59.
Rf4+ Ke7 60.g4 Rc3+ 61.Kb5 e5 62.Re4 Ke6 63.Kb4 Rc1 64.Kb3 f5 65.gxf5+ 
Kxf5 66.Re2 e4 67.Rf2+ Kg4 68.Rf8 e3 69.Re8 Kf3 70.Rf8+ Ke2 71.Kb2 Rc7 72.
Rf6 Kd2 73.Rd6+ Ke1 74.Rf6 e2 75.Rf8 Rc5 76.Rf7 Kd2 77.Rd7+ Ke3 78.Re7+ 
Kd3 79.Re8 Rc4 0-1

[Event "II Festival A"]
[Site "San Martino di Castrozza - Siror ITA"]
[Date "2001.07.02"]
[Round "2"]
[White "Mayer, Frank"]
[Black "Agnelli, Francesco"]
[Result "0-1"]
[WhiteElo "2305"]
[BlackElo "2132"]
[PlyCount "42"]
[EventDate "2001.07.01"]

1.e4 c5 2.d4 cxd4 3.c3 dxc3 4.Nxc3 e6 5.Bc4 Bc5 6.Nf3 Ne7 7.O-O O-O 8.a3 
a6 9.b4 Ba7 10.Bb2 b5 11.Bb3 Ng6 12.e5 Bb7 13.Re1 Qb6 14.Re3 Nc6 15.Ne4 
Qc7 16.Nf6+ gxf6 17.exf6 Qf4 18.Rd3 Nce5 19.Bxe5 Nxe5 20.Bc2 Ng4 21.Rxd7 
Bxf2+ 0-1

[Event "II Festival A"]
[Site "San Martino di Castrozza - Siror ITA"]
[Date "2001.07.02"]
[Round "2"]
[White "Molzahn, Norbert"]
[Black "Capata, Ion"]
[Result "0-1"]
[WhiteElo "2052"]
[BlackElo "1948"]
[PlyCount "84"]
[EventDate "2001.07.01"]

1.c4 e5 2.Nc3 Nf6 3.g3 g6 4.Bg2 Bg7 5.Nf3 d6 6.O-O O-O 7.d3 h6 8.Rb1 Nc6 
9.b4 Rb8 10.Bd2 Bg4 11.h3 Bf5 12.e4 Be6 13.Be3 Ne8 14.Nd5 Kh7 15.d4 f5 16.
exf5 Bxf5 17.Nh4 exd4 18.Bd2 Qd7 19.Nxf5 Qxf5 20.Qe2 d3 21.Qe3 Ne5 22.Qxa7
Nxc4 23.Ne3 Nxe3 24.fxe3 Qc8 25.Rxf8 Bxf8 26.Rf1 Bg7 27.Rf7 Ra8 28.Qd4 Qe6
29.Qd5 Qxd5 30.Bxd5 c6 31.Bb3 b5 32.Bc3 c5 33.bxc5 dxc5 34.Bd5 Ra3 35.Bd2 
c4 36.Rb7 c3 37.Bxc3 Rxc3 38.Rxb5 d2 39.Bf3 Rxe3 40.Rd5 Rxf3 41.Kg2 Ra3 
42.Rxd2 Nf6 0-1

[Event "II Festival A"]
[Site "San Martino di Castrozza - Siror ITA"]
[Date "2001.07.03"]
[Round "3"]
[White "Andreoli, Mark"]
[Black "Molzahn, Norbert"]
[Result "0-1"]
[WhiteElo "2082"]
[BlackElo "2052"]
[PlyCount "98"]
[EventDate "2001.07.01"]

1.e4 d6 2.d4 Nf6 3.Nc3 c6 4.f3 e5 5.Nge2 Nbd7 6.Be3 Be7 7.Qd2 O-O 8.g4 
exd4 9.Nxd4 Ne5 10.Be2 d5 11.g5 Ne8 12.exd5 cxd5 13.O-O-O Bh3 14.Rhg1 Nc4 
15.Bxc4 dxc4 16.Qe2 Qc8 17.f4 Nd6 18.Nd5 Bd8 19.Qh5 Ne4 20.Qf3 Bf5 21.Nxf5
Qxf5 22.Rd4 Re8 23.h4 Rc8 24.c3 Nc5 25.Rgd1 Nd3+ 26.R4xd3 cxd3 27.Bd4 Qe4 
28.Qg4 Qe6 29.Qf3 Qe2 30.Qxd3 Qxd3 31.Rxd3 a6 32.Ne3 Bc7 33.Nd5 Bd6 34.Kd2
Re4 35.Rf3 Rce8 36.h5 Re2+ 37.Kd3 Rxb2 38.h6 Bf8 39.Rg3 Rxa2 40.f5 b5 41.
g6 Ree2 42.Ne3 gxh6 43.g7 Bd6 44.Rh3 Bf4 45.f6 Rad2+ 46.Ke4 Bxe3 47.Bxe3 
Rd6 48.Kf3 Rxe3+ 49.Kxe3 Rxf6 0-1

[Event "II Festival A"]
[Site "San Martino di Castrozza - Siror ITA"]
[Date "2001.07.03"]
[Round "3"]
[White "Capata, Ion"]
[Black "Rossi, Giampiero"]
[Result "1-0"]
[WhiteElo "1948"]
[BlackElo "2119"]
[PlyCount "47"]
[EventDate "2001.07.01"]

1.e4 c5 2.c3 d5 3.exd5 Qxd5 4.d4 e6 5.Nf3 Nc6 6.Be2 cxd4 7.cxd4 Nf6 8.O-O 
Be7 9.Nc3 Qd6 10.Nb5 Qb8 11.g3 Nd5 12.Bc4 a6 13.Bxd5 axb5 14.Be4 Bd7 15.d5
exd5 16.Qxd5 b4 17.Bf4 Qa7 18.Rae1 Be6 19.Qh5 g6 20.Bxc6+ bxc6 21.Qe5 
O-O-O 22.Rc1 Bd5 23.Nd4 Bc5 24.Rxc5 1-0

[Event "II Festival A"]
[Site "San Martino di Castrozza - Siror ITA"]
[Date "2001.07.03"]
[Round "3"]
[White "Popa, Claudiu"]
[Black "Belotti, Bruno"]
[Result "0-1"]
[WhiteElo "2057"]
[BlackElo "2405"]
[PlyCount "66"]
[EventDate "2001.07.01"]

1.e4 d5 2.exd5 Qxd5 3.Nc3 Qa5 4.Nf3 Nf6 5.h3 Bf5 6.Bc4 e6 7.O-O c6 8.d4 
Bd6 9.Qe2 Nbd7 10.a3 Qc7 11.b4 h6 12.d5 cxd5 13.Nxd5 Nxd5 14.Bxd5 O-O 15.
Bb3 a5 16.bxa5 Nc5 17.Bd2 Rfd8 18.Rfc1 Ne4 19.Bb4 Bc5 20.Be1 Rxa5 21.Bxa5 
Qxa5 22.Rf1 Ng3 23.Qe5 Nxf1 24.Kxf1 Qa7 25.Qe2 Rd6 26.a4 Qb6 27.Nh4 Bd3 
28.cxd3 Qxb3 29.Qd1 Qb2 30.Qe1 Bxf2 31.Rb1 Bxe1 32.Rxb2 Bxh4 33.Rxb7 Rxd3 
0-1